|
|
|
|
| LEADER |
00000nab a2200000 a 4500 |
| 001 |
vtls000017216 |
| 003 |
SK-MaSNL |
| 005 |
20260304052712.0 |
| 008 |
250422c19781979xo 0 slo |
| 015 |
|
|
|a SNBRB19rr/mm-uuuuu
|
| 035 |
|
|
|a CL0027310
|
| 035 |
|
|
|a urn:nbn:sk:snk-abcyld
|
| 035 |
|
|
|a (urnnbn)urn:nbn:sk:snk:ar-007gju
|
| 035 |
|
|
|a (uuid)87c94e3c-07d2-4ab7-bd42-dc9e27670235
|
| 040 |
|
|
|a SNKBUCL
|b slo
|c SNKBUCL
|e AACR2
|
| 041 |
0 |
|
|a cze
|
| 044 |
|
|
|a xo
|c SK
|
| 080 |
|
|
|a 371.3
|2 1981
|
| 100 |
1 |
|
|a Picka, Dalibor
|4 aut
|9 943708
|
| 245 |
1 |
0 |
|a O výchovném režimu
|c Dalibor Picka
|
| 650 |
0 |
7 |
|a výchova
|2 snkbucl
|9 957
|
| 655 |
|
7 |
|a články z novín a časopisov
|2 snkbucl
|9 267496
|
| 773 |
0 |
|
|t Vychovávateľ
|g Roč. 23, č. 4 (1978/1979), s. 106-107
|
| 850 |
|
|
|a Slovenská národná knižnica
|
| 852 |
|
|
|a Slovenská národná knižnica
|
| 958 |
|
|
|a article17
|
| 958 |
|
|
|a OND
|
| 958 |
|
|
|a RK
|
| 958 |
|
|
|a SK
|
| 958 |
|
|
|a EUIPO
|
| 992 |
|
|
|a RBX
|
| 999 |
|
|
|c 2709494
|d 2711424
|